José María Arguedas y la nueva novela indígena del Perú
Uloženo v:
| Hlavní autor: | |
|---|---|
| Médium: | Kniha |
| Jazyk: | španělština |
| Vydáno: |
Lima
Escuela industrial superior de artes gráficas
1970
|
| Edice: | Edición especial de la revista coral
|
| Témata: | |
| Tagy: |
Přidat tag
Žádné tagy, Buďte první, kdo vytvoří štítek k tomuto záznamu!
|
MARC
| LEADER | 00000nam a2200000 a 4500 | ||
|---|---|---|---|
| 001 | UCH7966 | ||
| 003 | CL-VaPUC | ||
| 008 | 091127e19700000PE |||||||||||||||||spa|d | ||
| 082 | 0 | 4 | |a Pe863 |b FLO |2 21 |
| 100 | 0 | |a Flores V., Julio |e author |9 544351 | |
| 245 | 1 | 0 | |a José María Arguedas y la nueva novela indígena del Perú |
| 300 | |a 61 p | ||
| 942 | |c BK | ||
| 945 | |d 20091127 00:00:00 |a ccalabra | ||
| 260 | |a Lima |b Escuela industrial superior de artes gráficas |c 1970 | ||
| 650 | 0 | |a Literatura |9 259151 | |
| 650 | 0 | |a Literatura peruana |9 257452 | |
| 650 | 7 | |a NOVELAS PERUANAS |2 CL-VaPUC |9 544352 | |
| 650 | 7 | |a ESCRITORES PERUANOS |2 CL-VaPUC |9 479731 | |
| 650 | 0 | |a Ficción |9 376687 | |
| 650 | 0 | |a Narrativa |9 336727 | |
| 650 | 0 | |a Lectura |9 307634 | |
| 651 | 0 | |a Perú |9 256567 | |
| 583 | |a last modification |c 20091127 00:00:00 |k Rodrigo Vera | ||
| 490 | 0 | |a Edición especial de la revista coral | |
| 999 | |c 338257 |d 338255 | ||